00739cam a22002171 4500001001300000003000400013005001700017008004100034010001700075035001900092040002600111042001200137050002400149100002200173245007100195260011100266300002400377440007300401504003000474999001700504sa 64008038 DLC20260227112051.0750604s1963 xx 000 0 eng  asa 64008038  a(OCoLC)1372605 aDLCcNSyUdOCoLCdDLC apremarc00aLA1151b.A28 vol. 21 aNaik, J. P.,eed.10aDevelopment of university education, 1860-87,cedited by J.P.Naik. aDelhi,bPublished for the National Archives of India by the Manager of Publications, Govt.of India,c1963. alxvii, 558p.c25cm. 0aSelections from educational records of the Government of India,vv.2 aBibliography: p. 536-539. c60649d60649